[Event "WchT Silent"]
[Site "Opatija"]
[Date "2014.06.21"]
[Round "3.3"]
[White "Bozinovic, Bogdan"]
[Black "Georgiev, Veselin"]
[Result "0-1"]
[WhiteElo "2243"]
[BlackElo "2375"]
[PlyCount "106"]
[EventDate "2014.06.19"]
[EventType "team-swiss"]
[EventRounds "9"]
[EventCountry "CRO"]
[SourceTitle "CBM 161 Extra"]
[Source "ChessBase"]
[SourceDate "2014.08.29"]
[SourceVersion "1"]
[SourceVersionDate "2014.08.29"]
[SourceQuality "1"]
[WhiteTeam "Croatia"]
[BlackTeam "Bulgaria"]
[WhiteTeamCountry "CRO"]
[BlackTeamCountry "BUL"]

1. d4 f5 2. Bg5 g6 3. e3 Bg7 4. h4 Nf6 5. Nc3 h6 6. Bf4 b6 7. Nf3 Bb7 8. Ne5 e6 9. Nxg6 Rg8 10. Ne5 d6 11. Nd3 Nbd7 12. Be2 Bxg2 13. Rg1 Bb7 14. Bh5+ Ke7 15. Bf3 Ne4 16. Bh2 Bf6 17. Bxe4 fxe4 18. Nf4 Rxg1+ 19. Bxg1 Qg8 20. Kd2 Bxh4 21. Qh5 Bg5 22. Bh2 Nf6 23. Qe2 c5 24. dxc5 bxc5 25. Rg1 e5 26. Nh3 a6 27. Nxg5 hxg5 28. Bg3 Qe6 29. Rh1 Kf7 30. Qf1 Kg7 31. Qg2 Rh8 32. Rg1 Kf7 33. Qf1 Ke7 34. b3 Kd7 35. Rh1 Rh5 36. Rxh5 Nxh5 37. Qh1 Qg4 38. Qh2 Ke6 39. Ne2 Kf6 40. c4 Kg6 41. Nc3 Bc6 42. Ne2 Bd7 43. Nc3 Qf3 44. Qg1 Be6 45. Qh2 Bg4 46. Qg1 Kf7 47. Qh2 Ke6 48. Qg1 Kd7 49. Qh2 Kc6 50. Qg1 Nf4 51. exf4 Qd3+ 52. Kc1 Qxc3+ 53. Kb1 Be2 0-1

[Event "Olympiad-38"]
[Site "Dresden"]
[Date "2008.11.22"]
[Round "9"]
[White "Rowe, Peter"]
[Black "Georgiev, Veselin"]
[Result "0-1"]
[WhiteElo "2053"]
[BlackElo "2372"]
[PlyCount "102"]
[EventDate "2008.11.13"]
[EventType "team-swiss"]
[EventRounds "11"]
[EventCountry "GER"]
[SourceTitle "CBM 128"]
[Source "ChessBase"]
[SourceDate "2009.01.28"]
[SourceVersion "1"]
[SourceVersionDate "2009.01.28"]
[SourceQuality "1"]
[WhiteTeam "Guernsey"]
[BlackTeam "ICSC"]
[WhiteTeamCountry "GCI"]

1. d4 g6 2. Nf3 Bg7 3. Bf4 d6 4. h3 c5 5. e3 Nd7 6. c3 b6 7. Be2 Bb7 8. 0-0 Ngf6 9. Nbd2 0-0 10. a4 a6 11. Bh2 Qc7 12. Qb1 Rac8 13. Rc1 Qb8 14. Qa2 Qa8 15. Ne1 h6 16. Bf3 Rc7 17. Rc2 Rfc8 18. Rac1 Bxf3 19. Nexf3 Qb7 20. c4 cxd4 21. exd4 Ne4 22. b3 Nf8 23. Nxe4 Qxe4 24. Re1 Qf5 25. Rce2 Bf6 26. Qd2 g5 27. Qc2 Qxc2 28. Rxc2 Ne6 29. Rce2 Rb7 30. d5 Nc5 31. Nd2 Bc3 32. Rb1 Bxd2 33. Rxd2 b5 34. axb5 axb5 35. Rc2 Rcb8 36. b4 bxc4 37. Rxc4 Nd3 38. Bg3 Rxb4 39. Rbxb4 Nxb4 40. h4 Nxd5 41. hxg5 hxg5 42. Kh2 f5 43. Rd4 Rb5 44. f3 Kf7 45. Be1 e5 46. Rd2 Ke6 47. Ra2 Ne3 48. Kg3 Rb1 49. Re2 d5 50. Bd2 f4+ 51. Kh2 Nf1+ 0-1

[Event "Olympiad-38"]
[Site "Dresden"]
[Date "2008.11.16"]
[Round "4"]
[White "Arosemena, Jorge Luis"]
[Black "Georgiev, Veselin"]
[Result "0-1"]
[WhiteElo "2201"]
[BlackElo "2372"]
[PlyCount "80"]
[EventDate "2008.11.13"]
[EventType "team-swiss"]
[EventRounds "11"]
[EventCountry "GER"]
[SourceTitle "CBM 128"]
[Source "ChessBase"]
[SourceDate "2009.01.28"]
[SourceVersion "1"]
[SourceVersionDate "2009.01.28"]
[SourceQuality "1"]
[WhiteTeam "Panama"]
[BlackTeam "ICSC"]
[WhiteTeamCountry "PAN"]

1. e4 d6 2. d4 Nf6 3. Nc3 g6 4. Be2 Bg7 5. h4 c5 6. dxc5 Qa5 7. Qd3 Qxc5 8. Be3 Qa5 9. Qb5+ Nc6 10. Qxa5 Nxa5 11. h5 Nxh5 12. Nb5 Kd8 13. 0-0-0 Bd7 14. Bxa7 Nf4 15. Bb6+ Kc8 16. Bf1 Ne6 17. Kb1 h5 18. Rh3 Nc6 19. Rdd3 Ra6 20. Be3 Nc5 21. Bxc5 Bxh3 22. Bxd6 Be6 23. Ba3 Bc4 24. Rd1 Bxf1 25. Rxf1 Rd8 26. Nf3 Ra4 27. Ng5 Bf6 28. Nxf7 Rd2 29. e5 Nxe5 30. Nxe5 Bxe5 31. Bxe7 Rf4 32. Bc5 Rd5 33. Na7+ Kb8 34. Be3 Re4 35. c4 Rxc4 36. Rc1 Rxc1+ 37. Kxc1 g5 38. a4 Bf4 39. Bxf4+ gxf4 40. Nb5 Rg5 0-1

[Event "Wch Silent"]
[Site "St Gallen"]
[Date "2008.07.29"]
[Round "9"]
[White "Malyuga, Valentin"]
[Black "Georgiev, Veselin"]
[Result "1/2-1/2"]
[WhiteElo "2273"]
[BlackElo "2358"]
[PlyCount "39"]
[EventDate "2008.07.20"]
[EventType "swiss"]
[EventRounds "11"]
[EventCountry "SUI"]
[SourceTitle "EXT 2009"]
[Source "ChessBase"]
[SourceDate "2008.11.26"]
[SourceVersion "1"]
[SourceVersionDate "2008.11.26"]
[SourceQuality "1"]

1. c4 g6 2. Nc3 Bg7 3. d4 d6 4. Nf3 Nf6 5. g3 0-0 6. Bg2 Nbd7 7. 0-0 e5 8. e4 a6 9. Re1 exd4 10. Nxd4 Re8 11. Be3 Rb8 12. h3 Ne5 13. b3 c5 14. Nde2 b5 15. cxb5 axb5 16. f4 Ned7 17. Qxd6 b4 18. e5 bxc3 19. Nxc3 Qa5 20. Bd2 1/2-1/2

[Event "Wch Silent"]
[Site "St Gallen"]
[Date "2008.07.25"]
[Round "6"]
[White "Georgiev, Veselin"]
[Black "Kovalenko, Volodymyr"]
[Result "1-0"]
[WhiteElo "2358"]
[BlackElo "2167"]
[PlyCount "83"]
[EventDate "2008.07.20"]
[EventType "swiss"]
[EventRounds "11"]
[EventCountry "SUI"]
[SourceTitle "EXT 2009"]
[Source "ChessBase"]
[SourceDate "2008.11.26"]
[SourceVersion "1"]
[SourceVersionDate "2008.11.26"]
[SourceQuality "1"]

1. e4 c5 2. Nc3 Nc6 3. g3 g6 4. Bg2 Bg7 5. d3 d6 6. Be3 Ne5 7. Qd2 Qa5 8. Rb1 e6 9. a3 Bd7 10. f4 Ne7 11. Nf3 Nxf3+ 12. Bxf3 Nc6 13. 0-0 0-0 14. Bg2 Rab8 15. Rf2 b5 16. f5 b4 17. axb4 cxb4 18. Ne2 Qa2 19. Qc1 exf5 20. exf5 Rfe8 21. fxg6 hxg6 22. Bd2 Qa5 23. Qf1 Qc5 24. Kh1 Nd8 25. c3 bxc3 26. Bxc3 Bc6 27. d4 Bxg2+ 28. Qxg2 Qc4 29. Rbf1 Re7 30. Nf4 Rb5 31. h4 Bxd4 32. Nxg6 fxg6 33. Rf8+ Kg7 34. Rxd8 Bxc3 35. bxc3 Qd5 36. Rff8 Qd1+ 37. Kh2 Re2 38. Rf2 Rbe5 39. Rxd6 Qc2 40. Rd7+ Kh6 41. g4 g5 42. Rd6+ 1-0

[Event "Wch Silent"]
[Site "St Gallen"]
[Date "2008.07.23"]
[Round "4"]
[White "Georgiev, Veselin"]
[Black "Klasan, Vladimir"]
[Result "1-0"]
[WhiteElo "2358"]
[BlackElo "2330"]
[PlyCount "35"]
[EventDate "2008.07.20"]
[EventType "swiss"]
[EventRounds "11"]
[EventCountry "SUI"]
[SourceTitle "EXT 2009"]
[Source "ChessBase"]
[SourceDate "2008.11.26"]
[SourceVersion "1"]
[SourceVersionDate "2008.11.26"]
[SourceQuality "1"]

1. e4 e5 2. Bc4 Nf6 3. d3 Bc5 4. Nc3 0-0 5. f4 d6 6. f5 c6 7. Bg5 Qb6 8. Bxf6 Bf2+ 9. Kf1 gxf6 10. Qg4+ Kh8 11. Nge2 Be3 12. h4 Qd8 13. Rh3 Bc5 14. Rg3 Rg8 15. Qh5 Rxg3 16. Nxg3 d5 17. exd5 Qe7 18. Nce4 1-0

[Event "BUL-chT 57th"]
[Site "Sunny Beach"]
[Date "2007.10.05"]
[Round "7.4"]
[White "Georgiev, Veselin"]
[Black "Andonov, Bogomil"]
[Result "1-0"]
[WhiteElo "2350"]
[BlackElo "2383"]
[PlyCount "61"]
[EventDate "2007.09.29"]
[EventType "team"]
[EventRounds "7"]
[EventCountry "BUL"]
[SourceTitle "CBM 120 Extra"]
[Source "ChessBase"]
[SourceDate "2007.11.01"]
[SourceVersion "1"]
[SourceVersionDate "2007.11.01"]
[SourceQuality "1"]

1. e4 c6 2. c4 d5 3. cxd5 cxd5 4. exd5 Nf6 5. d4 Nxd5 6. Nc3 Nc6 7. Nf3 e6 8. Bd3 Be7 9. 0-0 0-0 10. a3 Nf6 11. Bc2 b6 12. Qd3 Bb7 13. Bg5 g6 14. Rad1 Rc8 15. Rfe1 Re8 16. Bb3 Nd5 17. Bc1 Nxc3 18. bxc3 Na5 19. Ba4 Bc6 20. Bxc6 Rxc6 21. Ne5 Rc8 22. Qf3 f5 23. d5 exd5 24. Rxd5 Bd6 25. Qd1 Nb7 26. Qb3 Kg7 27. c4 Qf6 28. Bb2 Na5 29. Qd1 Rxe5 30. Rdxe5 Rc7 31. R5e2 1-0

[Event "BUL-chT 57th"]
[Site "Sunny Beach"]
[Date "2007.10.04"]
[Round "6.1"]
[White "Drenchev, Petar"]
[Black "Georgiev, Veselin"]
[Result "1-0"]
[WhiteElo "2460"]
[BlackElo "2350"]
[PlyCount "133"]
[EventDate "2007.09.29"]
[EventType "team"]
[EventRounds "7"]
[EventCountry "BUL"]
[SourceTitle "CBM 120 Extra"]
[Source "ChessBase"]
[SourceDate "2007.11.01"]
[SourceVersion "1"]
[SourceVersionDate "2007.11.01"]
[SourceQuality "1"]

1. d4 g6 2. e4 Bg7 3. c4 d6 4. Nc3 Nf6 5. Nf3 0-0 6. Be2 e5 7. 0-0 Nc6 8. d5 Ne7 9. Ne1 Nd7 10. f3 f5 11. Be3 f4 12. Bf2 g5 13. Rc1 Ng6 14. c5 Nxc5 15. b4 Na6 16. Nb5 Rf7 17. Nxa7 Nxb4 18. a4 Na6 19. Qb3 b6 20. Nxc8 Qxc8 21. a5 bxa5 22. Nd3 Nb4 23. Nxb4 Rb8 24. Rc4 Bf6 25. Ra1 axb4 26. Rxb4 Rf8 27. Rc1 Rxb4 28. Qxb4 Qd7 29. Qb7 Bd8 30. Bb5 Qe7 31. Qc8 Rf7 32. Ra1 Kg7 33. Ra8 Rf8 34. Bd7 Qf6 35. Qb7 Ne7 36. Be1 Ng8 37. Be6 Qe7 38. Ba5 Nf6 39. Qc8 Qe8 40. Bxc7 Qb5 41. Bxd8 Rxd8 42. Qc7+ Kh6 43. Rxd8 Qb1+ 44. Kf2 Qb2+ 45. Kf1 Qa1+ 46. Ke2 Qb2+ 47. Kd1 Qd4+ 48. Kc2 Qa4+ 49. Kc3 Qa3+ 50. Kc2 Qa4+ 51. Kb1 Qb3+ 52. Kc1 Qa3+ 53. Kd2 Qa2+ 54. Kd3 Qb3+ 55. Qc3 Qd1+ 56. Kc4 Qa4+ 57. Qb4 Qa6+ 58. Kb3 Qd3+ 59. Ka4 Qa6+ 60. Qa5 Qc4+ 61. Ka3 Qc1+ 62. Kb4 Qb2+ 63. Ka4 Qxg2 64. Rxd6 Qa2+ 65. Kb5 Qe2+ 66. Kc6 Qc4+ 67. Kb7 1-0

[Event "BUL-chT 57th"]
[Site "Sunny Beach"]
[Date "2007.10.02"]
[Round "4.2"]
[White "Georgiev, Veselin"]
[Black "Spassov, Liuben"]
[Result "0-1"]
[WhiteElo "2350"]
[BlackElo "2383"]
[PlyCount "54"]
[EventDate "2007.09.29"]
[EventType "team"]
[EventRounds "7"]
[EventCountry "BUL"]
[SourceTitle "CBM 120 Extra"]
[Source "ChessBase"]
[SourceDate "2007.11.01"]
[SourceVersion "1"]
[SourceVersionDate "2007.11.01"]
[SourceQuality "1"]

1. e4 c6 2. d4 d5 3. e5 Bf5 4. Nc3 a6 5. g4 Bd7 6. Bg2 e6 7. Be3 Qc7 8. Qd2 c5 9. dxc5 Bxc5 10. Bxc5 Qxc5 11. Qg5 Ne7 12. Qxg7 Rg8 13. Qxh7 Nbc6 14. 0-0-0 Qxf2 15. Rd2 Qe1+ 16. Rd1 Qxe5 17. Nf3 Qf4+ 18. Kb1 Rxg4 19. Rhf1 0-0-0 20. Bh3 Rgg8 21. Nd4 Qxh2 22. Nxc6 Nxc6 23. Nxd5 Rh8 24. Nb6+ Kc7 25. Qxf7 Kxb6 26. Rh1 Be8 27. Qf3 Rxh3 0-1

[Event "BUL-chT 57th"]
[Site "Sunny Beach"]
[Date "2007.10.01"]
[Round "3.3"]
[White "Ivanov, Bogidar"]
[Black "Georgiev, Veselin"]
[Result "0-1"]
[WhiteElo "2188"]
[BlackElo "2350"]
[PlyCount "54"]
[EventDate "2007.09.29"]
[EventType "team"]
[EventRounds "7"]
[EventCountry "BUL"]
[SourceTitle "CBM 120 Extra"]
[Source "ChessBase"]
[SourceDate "2007.11.01"]
[SourceVersion "1"]
[SourceVersionDate "2007.11.01"]
[SourceQuality "1"]

1. e4 g6 2. d4 Bg7 3. Nc3 c6 4. Be3 d6 5. Qd2 Nd7 6. f3 b5 7. Bd3 Rb8 8. Nge2 Ngf6 9. Bh6 Bxh6 10. Qxh6 Qa5 11. 0-0 b4 12. Nd1 c5 13. Kh1 cxd4 14. Nxd4 Qc5 15. Ne2 g5 16. f4 Rg8 17. e5 dxe5 18. fxg5 e4 19. gxf6 exd3 20. cxd3 Nxf6 21. Ne3 Bb7 22. Rf5 Bxg2+ 23. Nxg2 Qxf5 24. Qe3 Qg5 25. Nef4 Ng4 26. Qxa7 Qb5 27. Rc1 Qb7 0-1

[Event "WchT ICSC Silent 15th"]
[Site "Nyiregyhaza"]
[Date "2006.09.16"]
[Round "9.3"]
[White "Reutov, Andrey Al"]
[Black "Georgiev, Veselin"]
[Result "0-1"]
[WhiteElo "2291"]
[BlackElo "2327"]
[PlyCount "180"]
[EventDate "2006.09.08"]
[EventType "team"]
[EventRounds "9"]
[EventCountry "HUN"]
[SourceTitle "EXT 2015"]
[Source "ChessBase"]
[SourceDate "2014.11.20"]
[SourceVersion "1"]
[SourceVersionDate "2014.11.20"]
[SourceQuality "1"]
[WhiteTeam "Ukraine"]
[BlackTeam "Bulgaria"]
[WhiteTeamCountry "UKR"]
[BlackTeamCountry "BUL"]

1. d4 Nf6 2. c4 g6 3. Nf3 Bg7 4. g3 0-0 5. Bg2 d6 6. 0-0 Nbd7 7. Nc3 e5 8. e4 exd4 9. Nxd4 a6 10. b3 Rb8 11. Bb2 Re8 12. Qc2 c5 13. Nde2 b5 14. cxb5 axb5 15. Nf4 b4 16. Ncd5 Bb7 17. Rad1 Nxd5 18. Nxd5 Bxd5 19. Rxd5 Bxb2 20. Qxb2 Nf6 21. Rd3 Nxe4 22. Bxe4 Rxe4 23. Rfd1 Re6 24. Qd2 Rb6 25. a4 bxa3 26. Qa5 Rb8 27. Qxa3 Rb7 28. Qa2 h5 29. h4 Kh7 30. Qc2 Qe7 31. Rd5 Kg7 32. Qc3+ Qf6 33. Qxf6+ Rxf6 34. R1d3 Kf8 35. f4 Ke7 36. Rc3 Rb5 37. Kf2 Kd7 38. Ke3 Kc6 39. Rcd3 Re6+ 40. Kd2 f5 41. Kc2 Rb4 42. Kc3 Rbe4 43. Kd2 Re2+ 44. Kc3 Rg2 45. b4 cxb4+ 46. Kxb4 Rxg3 47. Rxd6+ Rxd6 48. Rxg3 Kd7 49. Kc5 Re6 50. Kd5 Ke7 51. Ra3 Re4 52. Ra7+ Kf6 53. Ra6+ Kg7 54. Ra7+ Kh6 55. Ra8 Rxf4 56. Ke5 Rb4 57. Kf6 Rb6+ 58. Kf7 Kh7 59. Ra4 Rb8 60. Rc4 Kh6 61. Ra4 Rb7+ 62. Kf6 Rb6+ 63. Ke5 Rb8 64. Ra7 Rb5+ 65. Kf4 Rb4+ 66. Kg3 Rg4+ 67. Kh3 Rg1 68. Kh2 Rd1 69. Kg3 Rd4 70. Rb7 Rd8 71. Kf4 Rg8 72. Rf7 Rg7 73. Rf8 Re7 74. Rg8 Re4+ 75. Kg3 Kh7 76. Ra8 Kg7 77. Ra6 Kf7 78. Ra7+ Kf6 79. Ra5 Re5 80. Ra6+ Re6 81. Ra8 Rd6 82. Re8 Rd3+ 83. Kg2 Rd4 84. Kg3 Rg4+ 85. Kh3 f4 86. Ra8 Rg3+ 87. Kh2 Kf5 88. Ra5+ Kg4 89. Ra4 Rh3+ 90. Kg2 Rxh4 0-1

[Event "WchT ICSC Silent 15th"]
[Site "Nyiregyhaza"]
[Date "2006.09.12"]
[Round "6.4"]
[White "Salov, Sergej"]
[Black "Georgiev, Veselin"]
[Result "1/2-1/2"]
[WhiteElo "2297"]
[BlackElo "2327"]
[PlyCount "25"]
[EventDate "2006.09.08"]
[EventType "team"]
[EventRounds "9"]
[EventCountry "HUN"]
[SourceTitle "EXT 2015"]
[Source "ChessBase"]
[SourceDate "2014.11.20"]
[SourceVersion "1"]
[SourceVersionDate "2014.11.20"]
[SourceQuality "1"]
[WhiteTeam "Germany"]
[BlackTeam "Bulgaria"]
[WhiteTeamCountry "GER"]
[BlackTeamCountry "BUL"]

1. e4 g6 2. d4 Bg7 3. Nc3 c6 4. Bc4 d6 5. Qf3 e6 6. Nge2 b5 7. Bb3 Nd7 8. Bf4 Qe7 9. d5 Ne5 10. Qe3 b4 11. Ba4 Kf8 12. Bxe5 Bxe5 13. Bxc6 1/2-1/2

[Event "WchT ICSC Silent 15th"]
[Site "Nyiregyhaza"]
[Date "2006.09.10"]
[Round "3.3"]
[White "Checiak, Krzysztof"]
[Black "Georgiev, Veselin"]
[Result "0-1"]
[WhiteElo "2098"]
[BlackElo "2327"]
[PlyCount "94"]
[EventDate "2006.09.08"]
[EventType "team"]
[EventRounds "9"]
[EventCountry "HUN"]
[SourceTitle "EXT 2015"]
[Source "ChessBase"]
[SourceDate "2014.11.20"]
[SourceVersion "1"]
[SourceVersionDate "2014.11.20"]
[SourceQuality "1"]
[WhiteTeam "Poland"]
[BlackTeam "Bulgaria"]
[WhiteTeamCountry "POL"]
[BlackTeamCountry "BUL"]

1. e4 g6 2. d4 Bg7 3. Nc3 c6 4. Be3 d6 5. Qd2 Nd7 6. Be2 Qc7 7. f4 b5 8. Nf3 Bb7 9. a3 a6 10. 0-0 Ngf6 11. Ng5 h6 12. Nh3 c5 13. e5 Nh7 14. exd6 Qxd6 15. Rad1 Rc8 16. Bf3 Bxf3 17. Rxf3 0-0 18. Nf2 cxd4 19. Bxd4 Bxd4 20. Qxd4 Qxd4 21. Rxd4 Nb6 22. b3 Rc7 23. Rfd3 Kg7 24. Nfd1 Nf6 25. g3 e6 26. Rd8 Rxd8 27. Rxd8 Nfd5 28. Nxd5 Nxd5 29. c3 Nxc3 30. Ne3 h5 31. Kf1 Nb1 32. a4 Rc3 33. Rd1 Rxb3 34. axb5 axb5 35. Nc2 Nc3 36. Ra1 Nd5 37. Nd4 Rb2 38. Ra7 Kf6 39. Nf3 Rc2 40. Rb7 b4 41. Ng5 Rc7 42. Ne4+ Ke7 43. Rb5 Kd7 44. Ke1 Rc4 45. Ng5 f6 46. Nf3 Kc7 47. Nh4 Nc3 0-1

[Event "Olympiad-37"]
[Site "Turin"]
[Date "2006.05.31"]
[Round "10"]
[White "Georgiev, Veselin"]
[Black "Haddouche, Mohamed Amine"]
[Result "1-0"]
[WhiteElo "2310"]
[BlackElo "2279"]
[PlyCount "109"]
[EventDate "2006.05.21"]
[EventType "team-swiss"]
[EventRounds "13"]
[EventCountry "ITA"]
[SourceTitle "CBM 113"]
[Source "ChessBase"]
[SourceDate "2006.07.31"]
[SourceVersion "1"]
[SourceVersionDate "2006.07.31"]
[SourceQuality "1"]
[WhiteTeam "ICSC"]
[BlackTeam "Algeria"]
[BlackTeamCountry "ALG"]

1. e4 e5 2. Nf3 Nc6 3. Bb5 a6 4. Ba4 Nf6 5. d3 d6 6. c3 Be7 7. Nbd2 0-0 8. 0-0 b5 9. Bb3 Nb8 10. Re1 Nbd7 11. Nf1 Nc5 12. Bc2 Re8 13. Ng3 Bf8 14. b4 Ncd7 15. Bb3 h6 16. a4 Bb7 17. c4 c6 18. Bd2 d5 19. axb5 axb5 20. c5 g6 21. Qc1 Rxa1 22. Qxa1 Bg7 23. Bc3 d4 24. Bd2 Qc7 25. Qc1 h5 26. Bh6 Nf8 27. Bxg7 Kxg7 28. Nf5+ gxf5 29. Qg5+ Ng6 30. exf5 Nh7 31. Qg3 Nhf8 32. fxg6 Nxg6 33. Ng5 h4 34. Qf3 f6 35. Bf7 Qxf7 36. Nxf7 Kxf7 37. Ra1 Re7 38. Ra7 Bc8 39. Ra8 Rc7 40. g3 h3 41. Qh5 Kg7 42. Rxc8 Rxc8 43. Qxh3 Ne7 44. Qd7 Kf7 45. h4 Ra8 46. f4 Ra3 47. f5 Rxd3 48. Qe6+ Ke8 49. Qxf6 Rxg3+ 50. Kf2 Rg4 51. Qxe5 Kf8 52. Kf3 Rg1 53. Qxd4 Rf1+ 54. Kg4 Rxf5 55. Qd8+ 1-0

[Event "Olympiad-37"]
[Site "Turin"]
[Date "2006.05.30"]
[Round "9"]
[White "Van der Stricht, Geert"]
[Black "Georgiev, Veselin"]
[Result "1/2-1/2"]
[WhiteElo "2417"]
[BlackElo "2310"]
[PlyCount "45"]
[EventDate "2006.05.21"]
[EventType "team-swiss"]
[EventRounds "13"]
[EventCountry "ITA"]
[SourceTitle "CBM 113"]
[Source "ChessBase"]
[SourceDate "2006.07.31"]
[SourceVersion "1"]
[SourceVersionDate "2006.07.31"]
[SourceQuality "1"]
[WhiteTeam "Belgium"]
[BlackTeam "ICSC"]
[WhiteTeamCountry "BEL"]

1. d4 d5 2. c4 e6 3. Nc3 Be7 4. Nf3 Nf6 5. Bg5 Nbd7 6. e3 h6 7. Bh4 0-0 8. Rc1 b6 9. cxd5 exd5 10. Qa4 c5 11. Bb5 Bb7 12. 0-0 a6 13. Bxd7 Nxd7 14. Bxe7 Qxe7 15. Qa3 Rfc8 16. Rfd1 Qe6 17. Ne2 c4 18. Nf4 Qf6 19. Nh5 Qe6 20. Nf4 Qf6 21. Nh5 Qe6 22. Nf4 Qf6 23. Nh5 1/2-1/2

[Event "Olympiad-37"]
[Site "Turin"]
[Date "2006.05.23"]
[Round "3"]
[White "Belachew, Yimam Abera"]
[Black "Georgiev, Veselin"]
[Result "1/2-1/2"]
[WhiteElo "2146"]
[BlackElo "2310"]
[PlyCount "95"]
[EventDate "2006.05.21"]
[EventType "team-swiss"]
[EventRounds "13"]
[EventCountry "ITA"]
[SourceTitle "CBM 113"]
[Source "ChessBase"]
[SourceDate "2006.07.31"]
[SourceVersion "1"]
[SourceVersionDate "2006.07.31"]
[SourceQuality "1"]
[WhiteTeam "Ethiopia"]
[BlackTeam "ICSC"]
[WhiteTeamCountry "ETH"]

1. e4 g6 2. d4 Bg7 3. f4 c5 4. Nf3 cxd4 5. Nxd4 Nc6 6. c3 Qb6 7. Nc2 d6 8. Nba3 Nf6 9. Nc4 Qc7 10. Bd3 Bg4 11. Be2 Be6 12. Nd2 Rd8 13. 0-0 d5 14. e5 Qb6+ 15. Kh1 Ne4 16. Nxe4 dxe4 17. Qe1 0-0 18. b3 f6 19. Be3 Qc7 20. Nd4 Nxd4 21. cxd4 f5 22. Rc1 Qd7 23. Qb4 a6 24. Rfd1 Bd5 25. Rc5 e6 26. Rdc1 Rc8 27. Qb6 Rxc5 28. Qxc5 Rd8 29. Qc7 Bf8 30. Kg1 Qxc7 31. Rxc7 Bb4 32. Kf2 Ba5 33. Rc1 Kf7 34. Bc4 Bb6 35. a4 Ke7 36. Ke2 h6 37. b4 Bxc4+ 38. Rxc4 Kd7 39. a5 Ba7 40. Rc2 Rc8 41. Rxc8 Kxc8 42. h4 Kc7 43. Kd2 Bb8 44. Kc3 Kc6 45. Kc4 Bc7 46. g3 b6 47. axb6 Bxb6 48. Bd2 1/2-1/2

[Event "Plovdiv Tringov Memorial"]
[Site "Plovdiv"]
[Date "2006.02.10"]
[Round "5"]
[White "Dimitrov, Radoslav"]
[Black "Georgiev, Veselin"]
[Result "0-1"]
[WhiteElo "2133"]
[BlackElo "2316"]
[PlyCount "78"]
[EventDate "2006.02.07"]
[EventType "swiss"]
[EventRounds "9"]
[EventCountry "BUL"]
[SourceTitle "EXT 2007"]
[Source "ChessBase"]
[SourceDate "2006.11.23"]
[SourceVersion "1"]
[SourceVersionDate "2006.11.23"]
[SourceQuality "1"]

1. c4 g6 2. Nc3 Bg7 3. g3 Nf6 4. Bg2 0-0 5. e3 d6 6. Nge2 Nbd7 7. 0-0 e5 8. d3 h5 9. b3 h4 10. Bb2 hxg3 11. hxg3 Ng4 12. Nf4 exf4 13. Qxg4 Ne5 14. Qe2 fxg3 15. fxg3 c6 16. d4 Ng4 17. Rf4 Nh6 18. d5 c5 19. Ne4 Bxb2 20. Qxb2 f5 21. Rh4 Kh7 22. Nf2 g5 23. Rh2 Qf6 24. Qxf6 Rxf6 25. Kf1 Kg7 26. Ke2 Nf7 27. Rah1 Rh6 28. Rxh6 Nxh6 29. e4 Bd7 30. exf5 Re8+ 31. Kd3 Bxf5+ 32. Kd2 Ng4 33. Nxg4 Bxg4 34. Re1 Rxe1 35. Kxe1 Kf6 36. Kd2 Ke5 37. Ke3 a5 38. a3 b6 39. Bh1 Bd1 0-1

[Event "Plovdiv Tringov Memorial"]
[Site "Plovdiv"]
[Date "2006.02.09"]
[Round "4"]
[White "Georgiev, Veselin"]
[Black "Mladenov, Plamen"]
[Result "1/2-1/2"]
[WhiteElo "2316"]
[BlackElo "2259"]
[PlyCount "54"]
[EventDate "2006.02.07"]
[EventType "swiss"]
[EventRounds "9"]
[EventCountry "BUL"]
[SourceTitle "EXT 2007"]
[Source "ChessBase"]
[SourceDate "2006.11.23"]
[SourceVersion "1"]
[SourceVersionDate "2006.11.23"]
[SourceQuality "1"]

1. e4 c5 2. Nf3 d6 3. d4 cxd4 4. Nxd4 Nf6 5. Nc3 Nc6 6. Be2 e5 7. Nb3 Be7 8. 0-0 0-0 9. f4 a5 10. a4 Nb4 11. Kh1 Be6 12. Be3 Rc8 13. Bf3 exf4 14. Bxf4 d5 15. e5 Ne4 16. Nxe4 dxe4 17. Bxe4 Qb6 18. Nd4 Rfd8 19. c3 Nc6 20. Qb1 Nxd4 21. cxd4 Qxd4 22. Bxh7+ Kf8 23. Bf5 Bxf5 24. Qxf5 Qd3 25. Qh5 Kg8 26. Bg3 Rc2 27. Rae1 Qd5 1/2-1/2

[Event "BUL-ch qual"]
[Site "Pleven"]
[Date "2006.02.01"]
[Round "7"]
[White "Enchev, Ivajlo"]
[Black "Georgiev, Veselin"]
[Result "0-1"]
[WhiteElo "2272"]
[BlackElo "2317"]
[PlyCount "96"]
[EventDate "2006.01.28"]
[EventType "swiss"]
[EventRounds "9"]
[EventCountry "BUL"]
[SourceTitle "CBM 110 Extra"]
[Source "ChessBase"]
[SourceDate "2006.03.10"]
[SourceVersion "2"]
[SourceVersionDate "2006.03.10"]
[SourceQuality "1"]

1. c4 g6 2. Nc3 Bg7 3. g3 Nf6 4. Bg2 d6 5. d3 0-0 6. e3 e5 7. Nge2 c6 8. 0-0 Be6 9. b3 d5 10. Bb2 Nbd7 11. cxd5 cxd5 12. Qd2 Re8 13. Rac1 Rc8 14. d4 e4 15. Nf4 Nf8 16. Ba3 Qa5 17. Bxf8 Bxf8 18. Nxe4 Qxd2 19. Nxd2 Ba3 20. Rxc8 Rxc8 21. Nb1 Bd6 22. Nxe6 fxe6 23. e4 Nxe4 24. Bxe4 dxe4 25. Nd2 Rc2 26. Nxe4 Ba3 27. Ng5 Rxa2 28. Rd1 Rb2 29. Rd3 Bd6 30. Nxe6 b5 31. Ng5 Bb4 32. Ne4 Kf7 33. d5 Ke7 34. d6+ Kd8 35. Ng5 Rd2 36. Nf7+ Kd7 37. Ne5+ Ke6 38. Rxd2 Bxd2 39. d7 Bg5 40. Nc6 Kxd7 41. Nxa7 b4 42. Kf1 Be7 43. Ke2 Bc5 44. Kd3 Bxa7 45. Kc4 Bxf2 46. Kxb4 Ke6 47. Kc4 Kf5 48. Kd5 h5 0-1